Statistics for Match US City To State

Click here to take the quiz!

General Stats

  • This quiz has been taken 43 times
  • The average score is 12 of 15

Answer Stats

HintAnswer% Correct
SacramentoCalifornia
97%
DenverColorado
97%
AtlantaGeorgia
97%
BirminghamAlabama
83%
AnchorageAlaska
83%
JacksonvilleFlorida
83%
Little RockArkansas
81%
FrankfortKentucky
81%
AmarilloTexas
81%
WichitaKansas
78%
LansingMichigan
75%
MesaArizona
69%
WorcesterMassachusetts
67%
WilmingtonDelaware
58%
FayetvilleNorth Carolina
58%

Score Distribution

Percentile by Number Answered

Percent of People with Each Score

Your Score History

You have not taken this quiz